000 00447nam a2200145Ia 4500
008 220216s9999 xx 000 0 und d
100 _aSethuraj M R
245 0 _aPhysiology of growth and yield in Hevea brasiliensis
260 _bProceedings of the International Rubber Conference, Kuala Lumpur, Malaysia, V.3. 1985; p3-19
650 _aGrowth
650 _aHevea brasiliensis
650 _aLatex production
650 _aYield
942 _cJS
999 _c65014
_d65014